College Football Orange Bowl Champions - Statistics

General Stats
  • This quiz has been taken 239 times
  • The average score is 66 of 82
Answer Stats
Year Winner % Correct
1967 Florida
98%
1999 Florida
98%
2002 Florida
98%
1993 Florida State
97%
1994 Florida State
97%
1996 Florida State
97%
2013 Florida State
97%
1943 Alabama
93%
1953 Alabama
93%
1963 Alabama
93%
1966 Alabama
93%
1954 Oklahoma
93%
1956 Oklahoma
93%
1958 Oklahoma
93%
1959 Oklahoma
93%
1968 Oklahoma
93%
1976 Oklahoma
93%
1979 Oklahoma
93%
1980 Oklahoma
93%
1981 Oklahoma
93%
1986 Oklahoma
93%
1987 Oklahoma
93%
2001 Oklahoma
93%
1951 Clemson
92%
1982 Clemson
92%
2014 Clemson
92%
2015* Clemson
92%
2000 Michigan
92%
1946 Miami
91%
1984 Miami
91%
1988 Miami
91%
1989 Miami
91%
1992 Miami
91%
2004 Miami
91%
1949 Texas
91%
1965 Texas
91%
2003 USC
91%
2005 USC
91%
1942 Georgia
88%
1960 Georgia
88%
1964 Nebraska
88%
1971 Nebraska
88%
1972 Nebraska
88%
1973 Nebraska
88%
1983 Nebraska
88%
1995 Nebraska
88%
1997 Nebraska
88%
1998 Nebraska
88%
1977 Ohio State
88%
1969 Penn State
87%
1970 Penn State
87%
1974 Penn State
87%
2006 Penn State
87%
1975 Notre Dame
83%
1990 Notre Dame
83%
1944 LSU
81%
1962 LSU
81%
1938 Auburn
80%
1940 Georgia Tech
77%
1948 Georgia Tech
77%
1952 Georgia Tech
77%
2014 Georgia Tech
77%
1939 Tennessee
75%
2009 Virginia Tech
75%
1985 Washington
75%
2008 Kansas
74%
1957 Colorado
72%
1991 Colorado
72%
2010 Iowa
72%
2011 Stanford
72%
1978 Arkansas
70%
2012 West Virginia
67%
1961 Missouri
60%
1941 Mississippi State
57%
1955 Duke
55%
2007 Louisville
55%
1947 Rice
28%
1945 Tulsa
15%
1950 Santa Clara
10%
1937 Duquesne
6%
1935 Bucknell
5%
1936 Catholic
5%
No matching quizzes found
Score Distribution
Percent of People with Each Score
Percentile by Number Answered
Your Score History
You have not taken this quiz